Workbook for macroeconomics

Saved in:
Bibliographic Details
Main Author: Gordon, Robert J. (Robert James) 1940-
Other Authors: Gemello, John M., Schweitzer, R. Newby
Format: Book
Language:English
Published: Boston, Toronto : Little, Brown and Company, c1984
Edition:4th ed.
Subjects:
Tags: Add Tag
No Tags, Be the first to tag this record!

MARC

LEADER 00000nam a2200000 i 4500
001 1/43293
008 961105s1984 eng d
020 |a 0-316-32108-7 
035 |l 10025751 
040 |a GR-MY-UA  |b gre  |e aacr 
041 0 |a eng 
082 0 |a 339 
100 1 |a Gordon, Robert J.  |q (Robert James)  |d 1940- 
245 1 0 |a Workbook for macroeconomics /  |c Robert J. Gordon ; John M. Gemello, R.Newby Schweitzer 
250 |a 4th ed. 
260 |a Boston, Toronto :   |b Little, Brown and Company,   |c c1984 
650 0 0 |a Macroeconomics. 
700 1 |a Gemello, John M. 
700 1 |a Schweitzer, R. Newby. 
852 |a INST  |b CHIOS  |e 19961107  |h 339 GOR  |p 005200011001  |q 005200011001  |t BK  |y 0 
852 |a INST  |b CHIOS  |e 19961105  |h 339 GOR  |p 005200011044  |q 005200011044  |t BK  |y 0 
909 |a Χ  |b 013250 
909 |a Χ  |b 013251